Microbiology /
Guardat en:
| Autor principal: | |
|---|---|
| Altres autors: | , |
| Format: | Sách giấy |
| Idioma: | English |
| Publicat: |
Boston :
McGraw-Hill ,
1999
|
| Etiquetes: |
Afegir etiqueta
Sense etiquetes, Sigues el primer a etiquetar aquest registre!
|
| Thư viện lưu trữ: | Thư viện Trường Đại học Đà Lạt |
|---|
| LEADER | 00639nam a2200265 4500 | ||
|---|---|---|---|
| 001 | DLU020016946 | ||
| 005 | ##1/8/2001 | ||
| 020 | # | # | |a 978- |
| 041 | # | # | |a eng |
| 082 | # | # | |a 579 |b PR-L |
| 100 | # | # | |a Prescott, Lansing M. |
| 245 | # | # | |a Microbiology / |c Lansing M. Prescott, John P. Harley, Donald A. Klein |
| 260 | # | # | |a Boston : |b McGraw-Hill , |c 1999 |
| 300 | # | # | |a 963 tr., X; |c 28 cm. |
| 700 | # | # | |a Harley, John P. |
| 700 | # | # | |a Klein, Donald A. |
| 992 | # | # | |a 1430244 |
| 994 | # | # | |a DLU |
| 900 | # | # | |a False |
| 911 | # | # | |a Administrator |
| 925 | # | # | |a G |
| 926 | # | # | |a A |
| 927 | # | # | |a SH |
| 980 | # | # | |a Thư viện Trường Đại học Đà Lạt |